| 000 | 00471nam a2200157 a 4500 | ||
|---|---|---|---|
| 001 | 000040581 | ||
| 005 | 20201002034229.0 | ||
| 008 | 130902s20uu sp 000 0 spa d | ||
| 020 | _a8477383421 | ||
| 040 |
_aDO-SdBNP _bspa _cBNPHU |
||
| 100 | 1 |
_aMateo Garbarte, Eduardo _966915 |
|
| 245 | 1 | 3 |
_aEl concepto de generación literaria / _cEduardo Mateo Garbarte. |
| 260 |
_aMadrid : _bSíntesis, _c[20-?]. |
||
| 300 |
_a303 p. ; _c22cm. |
||
| 504 | _aBibliografía : p. 293-303 | ||
| 999 |
_c40071 _d40071 |
||